[Event "It (open)"]
[Site "masterchessopen.com Olot (Spain)"]
[Round "0"]
[White "Schwartzman Gabriel (USA)"]
[Black "Vidarte Morales Arturo (ESP)"]
[Result "1-0"]
[WhiteElo "2340"]
[BlackElo "2330"]

1.c4 g6 2.Nf3 Bg7 3.Nc3 d6 4.d4 Nf6 5.g3 O-O 6.Bg2 Nbd7 7.O-O e5 8.e4 c6 9.b3
exd4 10.Nxd4 Re8 11.h3 Nc5 12.Re1 a5 13.Bf4 Qc7 14.Qd2 Nfd7 15.Bh6 Bh8 16.Rad1
Ne5 17.Qc2 Qb6 18.Be3 Qb4 19.Ndb5 cxb5 20.Nd5 Ncd3 21.Nxb4 Nxb4 22.Qb1 bxc4
23.a3 Nbc6 24.bxc4 Nxc4 25.Bc1 a4 26.Bf1 N6a5 27.f4 Bd7 28.Bxc4 Nxc4 29.Qxb7
Bxh3 30.Qb5 Be6 31.Qg5 Ra5 32.f5 Bd7 33.Kf2 Bg7 34.Qh4 Bc6 35.Bh6 Bc3 36.Re2
Rae5 37.Rc1 Rxe4 38.Rxe4 Rxe4 39.Qd8+ Re8 40.Qc7 Bd4+ 41.Kf1 Nd2+ 42.Bxd2 {#r}
1-0

[Event "It (open)"]
[Site "masterchessopen.com Paris (France)"]
[Round "6"]
[White "Mandarin Vitomir (FRA)"]
[Black "Chaumont Gaspard (FRA)"]
[Result "1-0"]
[WhiteElo "2145"]
[BlackElo "2188"]

1.Nf3 d6 2.d4 Nf6 3.g3 g6 4.Bg2 Bg7 5.c4 O-O 6.Nc3 Nbd7 7.O-O e5 8.e4 c6 9.Bg5
h6 10.Bc1 Re8 11.Re1 Nh5 12.Be3 exd4 13.Nxd4 Ne5 14.b3 Ng4 15.Qd2 Nxe3 16.Rxe3
Nf6 17.h3 Qc7 18.Rd1 Be6 19.Rd3 Bf8 20.f4 Bd7 21.Kh2 Rad8 22.Bf3 a6 23.a4 Bg7
24.Nc2 Bf8 25.c5 Qc8 26.cxd6 Be6 27.e5 Nd7 28.Ne4 Bg7 29.b4 h5 30.Nd4 Bxh3
31.Ng5 Be6 32.Ndxe6 Rxe6 33.Nxe6 fxe6 34.Be4 Kh7 35.Qe2 Rh8 36.Kg2 Qe8
37.Qxh5+ Kg8 38.Qxg6 {#r} 1-0

[Event "It (open)"]
[Site "masterchessopen.com Parthenay (France)"]
[Round "3"]
[White "Szekely Peter (HUN)"]
[Black "San Marco Bruno (FRA)"]
[Result "1-0"]
[WhiteElo "2435"]
[BlackElo "2225"]

1.Nf3 Nf6 2.c4 g6 3.g3 Bg7 4.Bg2 O-O 5.d4 d6 6.Nc3 Nbd7 7.O-O e5 8.e4 c6 9.b3
Re8 10.h3 exd4 11.Nxd4 Nc5 12.Re1 d5 13.exd5 Rxe1+ 14.Qxe1 cxd5 15.Be3 dxc4
16.bxc4 Qe7 17.Nb3 Ne6 18.Rc1 a5 19.Na4 Nd7 20.c5 Ne5 21.Qf1 Ng5 22.Nd4 Rb8
23.Nb6 Ne6 24.Nxc8 Rxc8 25.Nxe6 Qxe6 26.Bxb7 Rc7 27.Bg2 Qxa2 28.Qb5 Rc8 29.c6
Nxc6 30.Rxc6 Rxc6 31.Bxc6 h5 32.Bd5 Qa1+ 33.Kg2 {#r} 1-0

[Event "Tournament (team)"]
[Site "masterchessopen.com Ponferrada (Spain)"]
[Round "0"]
[White "Cacho Reigadas Sergio (ESP)"]
[Black "Ramo Frontinan Cristobal (ESP)"]
[Result "1-0"]
[WhiteElo "2524"]
[BlackElo "2326"]

1.Nf3 g6 2.g3 Bg7 3.d4 d6 4.Bg2 Nd7 5.O-O e5 6.c4 Ngf6 7.Nc3 O-O 8.e4 c6 9.b3
Re8 10.h3 exd4 11.Nxd4 Nc5 12.Re1 a5 13.Bf4 Qb6 14.Be3 Bd7 15.Qc2 Rad8 16.Rad1
Bc8 17.Rd2 Qc7 18.g4 Qe7 19.f3 Nfd7 20.Red1 Nf8 21.Bf2 Bh6 22.Re2 Bf4 23.Ree1
Qf6 24.Nce2 Bg5 25.Rf1 Qe7 26.Kh1 Bh4 27.Bg1 h5 28.gxh5 gxh5 29.Nf4 Ng6 30.Be3
Nxf4 31.Bxf4 Bf6 32.Bc1 Be5 33.Qd2 Bg7 34.Rg1 Qh4 35.Bf1 Kh8 36.Rxg7 Kxg7
37.Qh6+ Kg8 38.Bg5 Qg3 39.Bf6 {#r} 1-0

[Event "Tournament (team)"]
[Site "masterchessopen.com Pula (Croatia)"]
[Round "3"]
[White "Dizdar Goran (CRO)"]
[Black "Biliskov Vjekoslav (CRO)"]
[Result "1-0"]
[WhiteElo "2450"]
[BlackElo "2354"]

1.d4 Nf6 2.Nf3 g6 3.c4 Bg7 4.g3 O-O 5.Bg2 d6 6.O-O Nbd7 7.Nc3 e5 8.e4 c6 9.b3
Qe7 10.h3 exd4 11.Nxd4 Nc5 12.Re1 a5 13.f4 h6 14.Be3 Re8 15.Bf2 Nfd7 16.Qd2
Nb6 17.Rad1 a4 18.b4 Nxc4 19.Qe2 Nb6 20.bxc5 dxc5 21.Nxc6 bxc6 22.e5 Ba6
23.Qc2 Qc7 24.Bxc5 Nc4 25.Nxa4 Red8 26.Bf1 Rxd1 27.Rxd1 Nxe5 28.fxe5 Qxe5
29.Bf2 Bxf1 30.Rxf1 Qb5 31.Nc5 Ra3 32.Qe4 Kh7 33.Qe7 Qb8 34.Kh2 Ra7 35.Nd7 Qb2
36.Nf8+ {#r} 1-0

[Event "Ch Romania (team)"]
[Site "masterchessopen.com Romania"]
[Round "0"]
[White "Navrotescu Catalin (ROM)"]
[Black "Golod Vitali (ISR)"]
[Result "0-1"]
[WhiteElo "2419"]
[BlackElo "2579"]

1.Nf3 Nf6 2.g3 g6 3.Bg2 Bg7 4.c4 O-O 5.d4 d6 6.O-O Nbd7 7.Nc3 e5 8.e4 c6 9.b3
Re8 10.h3 exd4 11.Nxd4 Nc5 12.Re1 Nfd7 13.Be3 h5 14.Qc2 Qe7 15.Rad1 Nf8 16.Re2
Be6 17.Red2 Rad8 18.b4 Ncd7 19.Nxe6 Nxe6 20.Rxd6 Ne5 21.Rxd8 Rxd8 22.Rxd8+
Qxd8 23.Ne2 a5 24.f4 Nd3 25.bxa5 Nb4 26.Qd2 Qxa5 27.f5 Nf8 28.Nf4 b6 29.fxg6
fxg6 30.Qd8 Nc2 31.Bxb6 Bd4+ 32.Kh2 Bxb6 33.Qe8 h4 {#R} 0-1

[Event "Ch Uzbekistan"]
[Site "masterchessopen.com Tashkent (Uzbekistan)"]
[Round "0"]
[White "Vakhidov Tahir (UZB)"]
[Black "Saltaev Mihail (UZB)"]
[Result "1-0"]
[WhiteElo "2485"]
[BlackElo "2484"]

1.d4 Nf6 2.c4 d6 3.Nc3 Nbd7 4.Nf3 g6 5.g3 Bg7 6.Bg2 O-O 7.O-O e5 8.e4 c6 9.b3
Re8 10.h3 exd4 11.Nxd4 Nc5 12.Re1 Bd7 13.Bf4 Qb6 14.Be3 Rad8 15.Rb1 a5 16.Qc2
Bc8 17.a3 Qc7 18.Rbd1 Qe7 19.f3 Qf8 20.Nde2 Nfd7 21.Bf2 Ne6 22.Qd2 f5 23.exf5
gxf5 24.f4 Nec5 25.b4 axb4 26.axb4 Ne4 27.Nxe4 fxe4 28.Nc3 Nf6 29.Bb6 Rd7
30.Nxe4 Nxe4 31.Rxe4 Rxe4 32.Bxe4 Re7 33.Bg2 Be6 34.Qxd6 Bxc4 35.Bc5 Bf6
36.Qd2 Qf7 37.Bxe7 Bxe7 38.Kh2 Qf8 39.Qd7 Bxb4 40.Qxb7 {#r} 1-0

[Event "Ch Victoria"]
[Site "masterchessopen.com Victoria (Australia)"]
[Round "11"]
[White "Kagan Naum (AUS)"]
[Black "West Guy (AUS)"]
[Result "1-0"]
[WhiteElo "2213"]
[BlackElo "2323"]

1.Nf3 d6 2.d4 g6 3.g3 Bg7 4.Bg2 Nf6 5.c4 O-O 6.Nc3 Nbd7 7.O-O e5 8.e4 c6 9.b3
exd4 10.Nxd4 Re8 11.Re1 Ng4 12.Bb2 Nc5 13.h3 Ne5 14.Re3 Qb6 15.Nc2 a5 16.Rb1
f5 17.Qxd6 Be6 18.Ba3 Nxe4 19.Nxe4 fxe4 20.c5 Qa7 21.Rd1 Bd5 22.Rxd5 Nf7
23.Qd7 Rad8 24.Qxd8 Nxd8 25.Rd7 Bf8 26.Bxe4 Be7 27.Bd3 Kf8 28.Bc4 Qb8 29.Bb2
{#r} 1-0

[Event "It"]
[Site "masterchessopen.com Arandjelovac (Yugoslavia)"]
[Round "9"]
[White "Makarov Marat (RUS)"]
[Black "Zontakh Andrey (UKR)"]
[Result "1-0"]
[WhiteElo "2515"]
[BlackElo "2455"]

1.Nf3 Nf6 2.c4 g6 3.d4 Bg7 4.g3 O-O 5.Bg2 d6 6.O-O Nbd7 7.Nc3 e5 8.e4 c6 9.b3
Qb6 10.Bb2 exd4 11.Na4 Qc7 12.Nxd4 Re8 13.Re1 a6 14.Qc2 Rb8 15.Rad1 c5 16.Ne2
b5 17.Nac3 bxc4 18.bxc4 Ne5 19.Nf4 Bg4 20.Rb1 Qa5 21.Ba1 Rxb1 22.Rxb1 Nxc4
23.Qd3 Na3 24.Rc1 Qd8 25.Qxa6 g5 26.Nd3 {#r} 1-0

[Event "Ch World (seniors)"]
[Site "masterchessopen.com Bad Wildbad (Germany)"]
[Round "10"]
[White "Krogius Nikolai V (RUS)"]
[Black "From Sigfred (DEN)"]
[Result "1-0"]
[WhiteElo "2485"]
[BlackElo "2195"]

1.d4 Nf6 2.c4 g6 3.Nf3 Bg7 4.g3 O-O 5.Bg2 d6 6.O-O Nbd7 7.Nc3 e5 8.e4 c6 9.Re1
Re8 10.h3 exd4 11.Nxd4 Nc5 12.Qc2 a5 13.Be3 a4 14.Rad1 Qa5 15.Bf4 Bf8 16.Nf3
Be6 17.Bxd6 Bxc4 18.Bxf8 Kxf8 19.e5 Nh5 20.Ne4 Nxe4 21.Qxc4 Nc5 22.g4 Ng7
23.Ng5 Nge6 24.Nxh7+ Kg7 25.Nf6 Red8 26.Bf1 Rd2 27.Qc1 Rad8 28.Ne8+ Kg8 29.Nd6
Rxd1 30.Rxd1 Qb6 31.Bc4 Kg7 32.Kg2 Qb4 33.a3 Qb6 34.Rf1 Nb3 35.Qe3 Nbd4
36.Bxe6 fxe6 37.Qg5 Rd7 38.Qf6+ Kh7 39.Nf7 {#r} 1-0

[Event "Ch World (seniors)"]
[Site "masterchessopen.com Bad Wildbad (Germany)"]
[Round "4"]
[White "Krogius Nikolai V (RUS)"]
[Black "Mertins Klaus (GER)"]
[Result "1-0"]
[WhiteElo "2485"]
[BlackElo "2210"]

1.d4 g6 2.c4 Bg7 3.Nc3 d6 4.Nf3 Nf6 5.g3 O-O 6.Bg2 Nbd7 7.O-O e5 8.e4 c6 9.Re1
Qc7 10.h3 Re8 11.Be3 h6 12.Qc2 Nf8 13.Rad1 Kh8 14.Re2 Ng8 15.c5 dxc5 16.dxe5
b6 17.Red2 Be6 18.b4 Nd7 19.bxc5 Nxe5 20.Nxe5 Bxe5 21.f4 Bg7 22.cxb6 axb6
23.Nb5 Qe7 24.Qxc6 Rxa2 25.Rxa2 Bxa2 26.Nd6 Rb8 27.Bxb6 Qe6 28.Rd3 Bb1 29.Ra3
g5 30.f5 {#r} 1-0

[Event "It"]
[Site "masterchessopen.com Berlin (Germany)"]
[Round "8"]
[White "Panchenko Alexandar G (UKR)"]
[Black "Abraham Ingo Dr (GER)"]
[Result "1-0"]
[WhiteElo "2515"]
[BlackElo "2239"]

1.d4 Nf6 2.Nf3 g6 3.c4 Bg7 4.g3 O-O 5.Bg2 d6 6.O-O Nbd7 7.Nc3 e5 8.e4 c6 9.Rb1
a5 10.h3 Re8 11.Re1 Qe7 12.b3 exd4 13.Nxd4 Nc5 14.Be3 Nfd7 15.Qc2 Ne5 16.Rbd1
Ned7 17.f4 Nf6 18.Bf2 Nh5 19.Qd2 Bf8 20.Nf3 Nf6 21.g4 Qc7 22.Bxc5 dxc5 23.e5
Nd7 24.Ne4 Bg7 25.Nd6 Re7 26.Nxf7 Rxf7 27.e6 Re7 28.exd7 Qxd7 29.Qxd7 Rxd7
30.Re8+ {#r} 1-0

[Event "Ch World (juniors) (under 14)"]
[Site "masterchessopen.com Bratislava (Slovakia)"]
[Round "7"]
[White "Kjeld Matthias (ISL)"]
[Black "Peralta Fernando (ARG)"]
[Result "0-1"]
[WhiteElo "2132"]
[BlackElo "2602"]

1.c4 Nf6 2.Nf3 g6 3.Nc3 Bg7 4.g3 O-O 5.Bg2 d6 6.d4 Nbd7 7.O-O e5 8.e4 c6 9.d5
cxd5 10.cxd5 Nc5 11.Ne1 Qb6 12.Nd3 Bg4 13.Qc2 Nxd3 14.Qxd3 Nd7 15.Be3 Nc5
16.Qd2 Bd7 17.Rab1 a5 18.Rfc1 Rfc8 19.b3 Qb4 20.Rc2 f5 21.f3 Rf8 22.Nd1 Qxd2
23.Bxd2 Bb5 24.Nb2 h5 25.Nc4 Bxc4 26.Rxc4 Kh7 27.Be3 b6 28.a3 Bh6 29.Bf2 fxe4
30.fxe4 Rf7 31.b4 axb4 32.Rcxb4 Nd3 33.Bxb6 Nxb4 34.axb4 Rb8 35.Bf2 Rfb7
36.Rc1 Bxc1 {#R} 0-1

[Event "Ch World (juniors) (under 18)"]
[Site "masterchessopen.com Bratislava (Slovakia)"]
[Round "11"]
[White "Fridman Daniel (GER)"]
[Black "Finkel Alexander (ISR)"]
[Result "1-0"]
[WhiteElo "2652"]
[BlackElo "2499"]

1.Nf3 g6 2.d4 Bg7 3.c4 d6 4.g3 Nf6 5.Bg2 O-O 6.Nc3 Nbd7 7.O-O e5 8.e4 exd4
9.Nxd4 Re8 10.h3 Nc5 11.Re1 a5 12.Ndb5 Bd7 13.Bf4 Bxb5 14.cxb5 Nfd7 15.Be3 Nb6
16.Bd4 Bxd4 17.Qxd4 Qg5 18.Rad1 Re7 19.Kh2 Qe5 20.Qe3 Nca4 21.f4 Qc5 22.Nxa4
Nxa4 23.Qxc5 dxc5 24.Rd2 Rae8 25.Rc1 f6 26.b3 Nb6 27.Rxc5 Nc8 28.Rdc2 Nd6
29.Rxc7 Nxe4 30.Bxe4 {#r} 1-0

[Event "It (cat.3)"]
[Site "masterchessopen.com Bucharest (Romania)"]
[Round "0"]
[White "Badea Bela (ROM)"]
[Black "Gilbert Christophe (FRA)"]
[Result "1-0"]
[WhiteElo "2491"]
[BlackElo "2090"]

1.c4 Nf6 2.Nc3 g6 3.Nf3 Bg7 4.g3 O-O 5.Bg2 d6 6.d4 Nbd7 7.O-O e5 8.e4 c6 9.b3
Re8 10.h3 exd4 11.Nxd4 Nc5 12.Re1 a5 13.Bf4 Nh5 14.Be3 Bf8 15.Qc2 Ng7 16.Rad1
f5 17.Nxc6 bxc6 18.Bxc5 Qc7 19.Be3 Be6 20.exf5 Bxf5 21.Qd2 Rad8 22.Na4 Qc8
23.g4 Be6 24.Bb6 Rd7 25.Bxa5 {#r} 1-0

[Event "It (cat.4)"]
[Site "masterchessopen.com Bucharest (Romania)"]
[Round "0"]
[White "Itkis Boris (ROM)"]
[Black "Iordachescu Viorel (MDA)"]
[Result "0-1"]
[WhiteElo "2440"]
[BlackElo "2305"]

1.d4 Nf6 2.c4 d6 3.Nf3 g6 4.g3 Bg7 5.Bg2 O-O 6.Nc3 Nbd7 7.O-O e5 8.e4 c6 9.b3
Re8 10.h3 a6 11.Be3 h6 12.dxe5 dxe5 13.c5 Qe7 14.b4 a5 15.a3 Nf8 16.Qc2 N6d7
17.Rad1 Ne6 18.Rd2 Rf8 19.Rfd1 axb4 20.axb4 f5 21.Nh4 f4 22.Rxd7 Bxd7 23.Nxg6
Qf7 24.Nxf8 Rxf8 25.Bc1 Nd4 26.Qd3 Be6 27.Bf1 fxg3 28.Qxg3 Kh7 29.Bg2 Bf6
30.Kh1 Rg8 31.Qh2 Bh8 32.f4 exf4 33.Bxf4 Qh5 34.Rf1 Rxg2 35.Kxg2 Ne2 36.Nxe2
Qxe2+ 37.Rf2 Qxe4+ 38.Kg1 Qe1+ 39.Kg2 Bd5+ 40.Kg3 Qc3+ {#R} 0-1

[Event "It (a)"]
[Site "masterchessopen.com Budapest (Hungary)"]
[Round "0"]
[White "Lehmann Heinz G (GER)"]
[Black "Mueller Werner (GER)"]
[Result "1-0"]
[WhiteElo "2285"]
[BlackElo "2201"]

1.d4 Nf6 2.c4 g6 3.Nf3 Bg7 4.g3 O-O 5.Bg2 d6 6.O-O Nbd7 7.Nc3 e5 8.e4 c6 9.b3
Re8 10.Bb2 exd4 11.Nxd4 Nc5 12.Qc2 a5 13.h3 Qb6 14.Rfd1 a4 15.Nxa4 Nxa4
16.bxa4 Nd7 17.Nb3 Bxb2 18.Qxb2 Ne5 19.Qe2 Be6 20.Rac1 Rxa4 21.c5 dxc5 22.Nxc5
Rxa2 23.Qe3 Qa7 24.Qf4 Bc4 25.Rxc4 Nxc4 26.Nd7 Re6 27.Bf1 b5 28.Nf6+ Kg7
29.Ng4 Qe7 30.Qh6+ Kg8 31.Bxc4 bxc4 32.e5 Re2 33.Ra1 Qf8 34.Qg5 h5 35.Nf6+
Rxf6 36.Qxf6 Qe8 37.Rd1 Rxe5 38.Rd8 {#r} 1-0

[Event "Ch World (juniors) (under 20)"]
[Site "masterchessopen.com Buenos Aires (Argentina)"]
[Round "0"]
[White "Scarella Enrique (ARG)"]
[Black "Tsemekhman Vadim (USA)"]
[Result "0-1"]
[WhiteElo "2378"]
[BlackElo "2355"]

1.d4 Nf6 2.Nf3 g6 3.c4 Bg7 4.g3 O-O 5.Bg2 d6 6.Nc3 Nbd7 7.O-O e5 8.e4 c6 9.Qc2
Qb6 10.Rd1 exd4 11.Nxd4 Ne5 12.Nce2 Re8 13.h3 a5 14.f4 Ned7 15.Be3 Qa6 16.Bf2
Nc5 17.Nc3 Qxc4 18.a3 Qa6 19.b4 Ne6 20.Bf1 b5 21.Ndxb5 cxb5 22.Nxb5 Nxe4
23.Qxe4 Bb7 24.Nxd6 Qxf1+ 25.Kxf1 Bxe4 26.Nxe4 axb4 27.Ra2 b3 28.Re2 b2 29.Rb1
Reb8 30.Nd2 Rxa3 31.Ke1 Ra1 32.Kd1 Rc8 33.Re1 Rc1+ 34.Ke2 Bc3 35.Be3 Raxb1
{#R} 0-1

[Event "It (open) \"]
[Site "masterchessopen.com Buenos Aires (Argentina)"]
[Round "7"]
[White "Szmetan Jorge (ARG)"]
[Black "Llanos Guillermo (ARG)"]
[Result "1-0"]
[WhiteElo "2420"]
[BlackElo "2340"]

1.Nf3 Nf6 2.c4 g6 3.g3 Bg7 4.Bg2 O-O 5.O-O d6 6.Nc3 e5 7.d4 Nbd7 8.e4 c6 9.Rb1
exd4 10.Nxd4 Re8 11.h3 Nc5 12.Re1 a5 13.Qc2 Bd7 14.Nb3 Be6 15.Nxc5 dxc5 16.b3
Nh5 17.g4 Nf6 18.e5 Bxg4 19.hxg4 Nxg4 20.Bf4 Nxe5 21.Ne4 Qd3 22.Qd1 Rad8
23.Bxe5 Rxe5 24.Qxd3 Rxd3 25.Rbd1 Rd4 26.Kf1 b5 27.Nd6 Rxe1+ 28.Kxe1 Rg4
29.Bxc6 bxc4 30.Nxc4 Bd4 31.Ke2 Rf4 32.f3 Rf6 33.Bb5 g5 34.Nxa5 g4 35.fxg4
Rf2+ 36.Kd3 Rxa2 37.Nc6 Bg7 38.Ne7+ Kf8 39.Nf5 Be5 40.Ke4 Bc7 41.Rd7 {#r} 1-0

[Event "It (open)"]
[Site "masterchessopen.com Caceres (Spain)"]
[Round "5"]
[White "Miguel Lago Victor (ESP)"]
[Black "Gamez Cenzano Andres (ESP)"]
[Result "0-1"]
[WhiteElo "2250"]
[BlackElo "2180"]

1.Nf3 Nf6 2.g3 g6 3.Bg2 Bg7 4.O-O O-O 5.c4 d6 6.Nc3 e5 7.d4 Nbd7 8.e4 c6 9.b3
Re8 10.Re1 a6 11.Rb1 b5 12.Qc2 Bb7 13.h3 exd4 14.Nxd4 b4 15.Na4 c5 16.Bd2 Qc7
17.Ne2 Bxe4 18.Bxe4 Rxe4 19.f3 Re7 20.Kg2 Rae8 21.Nf4 Rxe1 22.Rxe1 Rxe1
23.Bxe1 Ne5 24.Qe2 Bh6 25.Nd5 Nxd5 26.cxd5 Qb7 27.Nxc5 Qxd5 28.Nxa6 Nd3
29.Bxb4 Qb5 30.Qe4 Qxa6 31.a4 Nxb4 32.Qxb4 Qe2+ 33.Kh1 Qxf3+ 34.Kh2 Qf2+
35.Kh1 Be3 {#R} 0-1

[Event "It (open)"]
[Site "masterchessopen.com Cannes (France)"]
[Round "0"]
[White "Horvath Julia (HUN)"]
[Black "Sellos Didier (FRA)"]
[Result "0-1"]
[WhiteElo "2211"]
[BlackElo "2388"]

1.d4 Nf6 2.Nf3 g6 3.c4 Bg7 4.g3 O-O 5.Bg2 d6 6.O-O Nbd7 7.Nc3 e5 8.e4 c6 9.b3
Re8 10.h3 exd4 11.Nxd4 Nc5 12.Re1 d5 13.cxd5 cxd5 14.exd5 Rxe1+ 15.Qxe1 Nxd5
16.Bg5 Qxg5 17.Qe8+ Bf8 18.Nxd5 Bxh3 19.Qxa8 Bxg2 20.Nf4 Be4 21.b4 Qf6 22.bxc5
Qxd4 23.Re1 Bc6 24.Qb8 g5 25.Nh5 Bf3 26.g4 Qxg4+ {#R} 0-1

[Event "It (open)"]
[Site "masterchessopen.com Ceske Budejovice (Czech Republic)"]
[Round "2"]
[White "Sergeev Vladimir (UKR)"]
[Black "Lundberg Ove (SWE)"]
[Result "1-0"]
[WhiteElo "2526"]
[BlackElo "2190"]

1.d4 Nf6 2.c4 g6 3.Nf3 Bg7 4.g3 O-O 5.Bg2 d6 6.Nc3 Nbd7 7.O-O e5 8.e4 c6 9.Re1
exd4 10.Nxd4 Ng4 11.h3 Qb6 12.Nce2 Nge5 13.b3 Nc5 14.Be3 a5 15.Rb1 Re8 16.Rf1
Qc7 17.Qc2 Ned7 18.Nc3 Nf6 19.Rfe1 Bd7 20.Red1 Re7 21.Bf4 Nh5 22.Ndb5 cxb5
23.Bxd6 {#r} 1-0

[Event "Tournament (2)"]
[Site "masterchessopen.com Denmark"]
[Round "2"]
[White "Bentzen Eric (DEN)"]
[Black "Borge Nikolaj (DEN)"]
[Result "1-0"]
[WhiteElo "2373"]
[BlackElo "2408"]

1.d4 Nf6 2.Nf3 g6 3.c4 Bg7 4.g3 O-O 5.Bg2 d6 6.O-O Nbd7 7.Nc3 e5 8.e4 c6 9.b3
exd4 10.Nxd4 Re8 11.h3 Nc5 12.Re1 a5 13.Rb1 Qe7 14.Bf4 Nfd7 15.Be3 Ne5 16.Qc2
Ne6 17.Nxe6 fxe6 18.Na4 c5 19.Qd2 Nc6 20.Bf4 Bd4 21.Nc3 Bxc3 22.Qxc3 e5 23.Be3
Rf8 24.Qd3 Be6 25.Rf1 a4 26.f4 axb3 27.axb3 Kh8 28.fxe5 dxe5 29.Bh6 Rfd8
30.Qe3 Rd4 31.Rf2 Qd6 32.Rbf1 Bg8 33.Bg5 h5 34.Rf6 Qd7 35.Rxg6 Rd6 36.Rxd6
Qxd6 37.Bf6+ Kh7 38.Qg5 Qf8 39.Qf5+ Kh6 40.g4 hxg4 41.hxg4 {#r} 1-0

[Event "Tournament (2)"]
[Site "masterchessopen.com Denmark"]
[Round "1"]
[White "Jacobsen Bo (DEN)"]
[Black "Jorgensen Per Henrik Dorff (DEN)"]
[Result "0-1"]
[WhiteElo "2317"]
[BlackElo "2263"]

1.c4 Nf6 2.g3 g6 3.Bg2 Bg7 4.Nc3 d6 5.d4 O-O 6.Nf3 Nbd7 7.O-O e5 8.e4 c6 9.Rb1
Re8 10.Re1 exd4 11.Nxd4 Ng4 12.Nc2 Nc5 13.Ne3 Ne5 14.Bd2 Ned3 15.Re2 a5 16.b3
h5 17.a3 h4 18.Qc2 Ne5 19.Ncd1 Ne6 20.Bc3 hxg3 21.hxg3 c5 22.Qd2 Nd4 23.Bxd4
cxd4 24.Nd5 Bg4 25.Re1 g5 26.f4 Nf3+ 27.Bxf3 Bxf3 28.Nf2 g4 29.f5 Kh7 30.Rb2
Be5 31.Rf1 Rh8 32.Nxg4 Bxg4 33.f6 Bxg3 34.Ne7 Qd7 35.Qg5 Rag8 36.Rf5 Rxg5
37.Rxg5 Qe6 38.Rg2 Qxe4 39.Rxg3 Qe1+ {#R} 0-1

[Event "It (open)"]
[Site "masterchessopen.com Dortmund (Germany)"]
[Round "5"]
[White "Ellers Holger (GER)"]
[Black "Tomann Daniel (GER)"]
[Result "1-0"]
[WhiteElo "2370"]
[BlackElo "2055"]

1.d4 Nf6 2.c4 g6 3.Nf3 Bg7 4.g3 O-O 5.Bg2 d6 6.Nc3 Nbd7 7.O-O e5 8.e4 c6 9.b3
Re8 10.h3 a6 11.a4 Qa5 12.Bd2 exd4 13.Nxd4 Qh5 14.g4 Qe5 15.Be3 Nc5 16.Re1
Ncxe4 17.Nxe4 Nxe4 18.Bxe4 Qxe4 19.Bd2 Qxd4 20.Rxe8+ Bf8 21.Bh6 {#r} 1-0

[Event "It (open)"]
[Site "masterchessopen.com Dortmund (Germany)"]
[Round "3"]
[White "Schwartzman Gabriel (USA)"]
[Black "Koscielski Janus Darius (GER)"]
[Result "1-0"]
[WhiteElo "2455"]
[BlackElo "2315"]

1.c4 g6 2.Nf3 Bg7 3.Nc3 d6 4.d4 Nf6 5.g3 O-O 6.Bg2 Nbd7 7.O-O e5 8.e4 c6 9.b3
Qb6 10.d5 cxd5 11.cxd5 Nc5 12.Nd2 Bg4 13.Qc2 Rfc8 14.Bb2 a5 15.Rfe1 a4 16.Nc4
Qa6 17.Bf1 b5 18.Na3 Qb6 19.Bxb5 axb3 20.axb3 Ncxe4 21.Nc4 Rxa1 22.Bxa1 Rxc4
23.bxc4 Ng5 24.Re3 Nf3+ 25.Kh1 Bh6 26.Na4 Qa7 27.Ra3 Nd2 28.Kg2 Nfe4 29.c5
Nxc5 30.f3 Bf5 31.Qd1 Nxa4 32.Qxa4 Qc5 33.Be2 Qxd5 34.Qe8+ Kg7 35.Ra8 Be3
36.Qf8+ Kf6 37.Qh8+ Kg5 38.h4+ Kh6 {#r} 1-0

[Event "It (open)"]
[Site "masterchessopen.com Eger (Hungary)"]
[Round "1"]
[White "Sandor Tamas (HUN)"]
[Black "Sleisz Tamas (HUN)"]
[Result "1-0"]
[WhiteElo "1926"]
[BlackElo "2236"]

1.Nf3 Nf6 2.g3 g6 3.Bg2 Bg7 4.O-O O-O 5.d4 d6 6.c4 Nbd7 7.Nc3 e5 8.e4 c6 9.Rb1
Re8 10.Qc2 Nf8 11.Rd1 Qc7 12.h3 exd4 13.Nxd4 N6d7 14.Be3 a5 15.b3 Nc5 16.Qd2
Be6 17.f4 Rad8 18.Qf2 Bc8 19.Nde2 Qe7 20.Rd2 Bxh3 21.Bxc5 Bxg2 22.Bb6 Bxe4
23.Bxd8 Qxd8 24.Rbd1 Bf5 25.Rxd6 Qe7 26.R6d2 Ne6 27.Na4 Bg4 28.Rd7 Qf6 29.R1d2
b5 30.cxb5 cxb5 31.Nac3 b4 32.Nd5 Qa1+ 33.Kg2 Bf5 34.Qe3 Nxf4+ 35.Qxf4 Bxd7
36.Ne3 Bc6+ 37.Kf2 Qh1 38.Ng4 Qg2+ 39.Ke1 Qg1+ 40.Qf1 Qxg3+ {#r} 1-0

[Event "It"]
[Site "masterchessopen.com Geneva (Switzerland)"]
[Round "0"]
[White "Razuvaev Yuri S (RUS)"]
[Black "Chabanon Jean-Luc (FRA)"]
[Result "1-0"]
[WhiteElo "2560"]
[BlackElo "2415"]

1.c4 e5 2.g3 d6 3.Bg2 g6 4.d4 Nd7 5.Nf3 Bg7 6.O-O Ngf6 7.Nc3 O-O 8.e4 c6 9.b3
Re8 10.d5 Nc5 11.Re1 cxd5 12.cxd5 b5 13.b4 Ncd7 14.Nxb5 Qb6 15.Na3 Qxb4 16.Rb1
Qa5 17.Nb5 Ba6 18.a4 Nc5 19.Nxd6 Red8 20.Nxf7 Kxf7 21.Nxe5+ Kg8 22.Nc6 Qxa4
23.Qxa4 Nxa4 24.Nxd8 Rxd8 25.e5 Nxd5 26.Bg5 {#r} 1-0

[Event "Bundesliga (2nd) West 1992/93"]
[Site "masterchessopen.com Germany"]
[Round "0"]
[White "Schoebel Wolfgang (GER)"]
[Black "Koscielski Janus Darius (GER)"]
[Result "1-0"]
[WhiteElo "2250"]
[BlackElo "2315"]

1.d4 Nf6 2.c4 g6 3.g3 Bg7 4.Bg2 O-O 5.Nf3 d6 6.O-O Nbd7 7.Nc3 e5 8.e4 c6 9.b3
Re8 10.h3 exd4 11.Nxd4 Nc5 12.Re1 Nfd7 13.Be3 a5 14.Qc2 h5 15.Rad1 Qe7 16.Rd2
Nf6 17.Bg5 Ne6 18.Nxe6 Bxe6 19.Red1 Rad8 20.c5 d5 21.e5 Bf5 22.exf6 Bxf6
23.Bxf6 Qxf6 24.Qc1 d4 25.Ne2 d3 26.Nf4 Rd4 27.Nxd3 Red8 {#r} 1-0

[Event "Ch Hungary (team) 1992/93"]
[Site "masterchessopen.com Hungary"]
[Round "0"]
[White "Balazs Imre (HUN)"]
[Black "Kerekgyarto Jozsef (HUN)"]
[Result "0-1"]
[WhiteElo "2073"]
[BlackElo "2130"]

1.d4 Nf6 2.c4 g6 3.g3 Bg7 4.Bg2 d6 5.Nf3 O-O 6.O-O Nbd7 7.Nc3 e5 8.e4 c6 9.b3
Qa5 10.Bb2 a6 11.Qc2 Ng4 12.Rfd1 f5 13.Rd2 Ndf6 14.dxe5 dxe5 15.h3 Nh6 16.Rad1
Nf7 17.exf5 Bxf5 18.Qc1 Bh6 19.g4 Be4 20.b4 Qc7 21.g5 Bxf3 22.gxh6 Bxd1
23.Rxd1 Rfd8 24.Re1 Qd6 25.Be4 Qd2 26.Qb1 Qxh6 {#R} 0-1

[Event "Ch Italy"]
[Site "masterchessopen.com Italy"]
[Round "2"]
[White "Barlocco Carlo (ITA)"]
[Black "Carparelli Luciano (ITA)"]
[Result "1-0"]
[WhiteElo "2135"]
[BlackElo "2085"]

1.d4 Nf6 2.g3 g6 3.Bg2 Bg7 4.Nf3 O-O 5.O-O d6 6.c4 Nbd7 7.Nc3 e5 8.e4 c6 9.b3
exd4 10.Nxd4 Nc5 11.Ba3 Re8 12.Re1 Ng4 13.Qd2 Qa5 14.Bb2 Ne5 15.Re3 Qb6 16.h3
g5 17.Rd1 a5 18.Kh2 g4 19.Nce2 a4 20.Nf4 axb3 21.axb3 Ra2 22.Rb1 gxh3 23.Bxh3
Bxh3 24.Kxh3 Na4 25.Nh5 Rxb2 26.Rxb2 Nxb2 27.Nxg7 Nbxc4 28.bxc4 Kxg7 29.Rb3
Qc7 30.Nf5+ Kg8 31.Qg5+ Ng6 32.Qf6 {#r} 1-0

[Event "Izt (w)"]
[Site "masterchessopen.com Jakarta (Indonesia)"]
[Round "0"]
[White "Maric Alisa (SRB)"]
[Black "Holoubkova Martina (CZE)"]
[Result "1-0"]
[WhiteElo "2405"]
[BlackElo "2268"]

1.d4 Nf6 2.c4 g6 3.Nf3 Bg7 4.g3 O-O 5.Bg2 d6 6.Nc3 Nbd7 7.O-O e5 8.e4 Re8
9.Re1 exd4 10.Nxd4 Nc5 11.h3 a5 12.Ndb5 Bd7 13.Qc2 Bxb5 14.cxb5 Nfd7 15.Bf4
Ne5 16.Rad1 Ne6 17.Bc1 c6 18.f4 Nc4 19.b3 Nb6 20.bxc6 bxc6 21.Be3 Rb8 22.Kh2
Qe7 23.Ne2 c5 24.Qd2 Qa7 25.f5 gxf5 26.exf5 Nc7 27.Bh6 Be5 28.Qg5+ Kh8 29.Nf4
Rg8 30.Qe7 Rbe8 31.Qxf7 Nb5 32.Bg7+ Bxg7 33.Qxe8 Rxe8 34.Rxe8+ Bf8 35.Rxf8+
Kg7 36.Ne6+ {#r} 1-0